Tate McRae - THINK LATER - Statistics

General Stats
  • This quiz has been taken 268 times
  • The average score is 11 of 14
Answer Stats
2023 THINK LATER % Correct
11 think later
94%
2 greedy
92%
7 exes
90%
14 plastic palm trees
88%
9 calgary
85%
1 cut my hair
83%
3 run for the hills
83%
10 messier
80%
5 grave
79%
13 want that too
72%
8 we're not alike
71%
12 guilty conscience
69%
6 stay done
69%
4 hurt my feelings
68%
No matching quizzes found
Score Distribution
Percent of People with Each Score
Percentile by Number Answered
Your Score History
You have not taken this quiz